00601nam a22001692 4500001001100000005001700011008004100028020001700069040001500086100004100101245010400142250001300246260004400259300001200303650005200315650006400367000002325220151217155911.0121003s xx 000 0 eng d a3631593158 : aKABUcKABU1 aOrwenjo, Daniel Ochieng.@000018260710aLexical innovation in child language acquisition :bevidence from Dholuo /cDaniel Ochieng Orwenjo. a1st ed. aFrankfurt am Main :bPeter Lang,c2009. a265 p. 0aLanguage acquisitionxCase studies.@0000182608 0aLuo language (Kenya and Tanzania)xAcquisition.@0000182609